| 000 | 00331nam a2200133Ia 4500 | ||
|---|---|---|---|
| 005 | 20251222141905.0 | ||
| 008 | 251222s9999||||xx |||||||||||||| ||spa|| | ||
| 020 | _a958-653-022-1 | ||
| 082 | _a658.409.52/L22 | ||
| 100 | _aLanier, Alison R. | ||
| 245 | 0 | _aComo Trabajar y Negociar con los Japoneses | |
| 264 | _bLegis | ||
| 942 | _cLIB | ||
| 999 |
_c8184 _d8184 |
||